La Iberia : (Record no. 159076)

MARC details
000 -LEADER
campo de control de longitud fija 01521nam a22002895i 4500
001 - NÚMERO DE CONTROL
campo de control 159076
003 - IDENTIFICADOR DE NÚMERO DE CONTROL
campo de control ES-MaACL
005 - FECHA Y HORA DE LA ÚLTIMA TRANSACCIÓN
campo de control 20230906211435.0
008 - DATOS DE LONGITUD FIJA--INFORMACIÓN GENERAL
campo de control de longitud fija 010327s1854 sp abc |||| | spa d
080 ## - NÚMERO DE LA CLASIFICACIÓN DECIMAL UNIVERSAL
Número de la Clasificación Decimal Universal 327(460:469)
080 ## - NÚMERO DE LA CLASIFICACIÓN DECIMAL UNIVERSAL
Número de la Clasificación Decimal Universal 327(469:460)
100 1# - ENTRADA PRINCIPAL--NOMBRE DE PERSONA
Nombre de persona Mas, Sinibaldo de (
Fechas asociadas al nombre 1809-1868)
9 (RLIN) 129689
245 13 - MENCIÓN DEL TÍTULO
Título La Iberia :
Resto del título memoria sobre la conveniencia de la unión pacífica y legal de Portugal y España /
Mención de responsabilidad, etc. escrita por Don Sinibaldo de Mas.
250 ## - MENCION DE EDICION
Mención de edición 3ª ed. corr.
260 ## - PUBLICACIÓN, DISTRIBUCIÓN, ETC.
Lugar de publicación, distribución, etc. Madrid :
Nombre del editor, distribuidor, etc. [s.n.],
Fecha de publicación, distribución, etc. 1854 (
Fabricante Imp. y Estereotipia de M. Rivadeneyra)
300 ## - DESCRIPCIÓN FÍSICA
Extensión 60 p., [2] h. de lám., [1] h. pleg. de mapa ;
Dimensiones 22 cm.
505 8# - NOTA DE CONTENIDO CON FORMATO
Nota de contenido con formato Contiene: Traducción al castellano del prólogo portugués escrito por D. José Mª Latino Coelho, y puesto en Lisboa a la traducción de la presente memoria La Iberia, impresa por primera vez en aquella capital a fines de 1851
530 ## - NOTA DISPONIBLE DE FORMULARIO FÍSICO ADICIONAL
Nota de formato físico adicional disponible Disponible en formato digital.
599 ## - NOTA A LAS ILUSTRACIONES
NOTA A LAS ILUSTRACIONES Lám.: retr. de María Isabel Francisca de Asís, princesa de Asturias; retr. de D. Pedro V, rey de Portugal.
650 #4 - PUNTO DE ACCESO ADICIONAL DE MATERIA--TÉRMINO DE MATERIA
Término de materia o nombre geográfico como elemento de entrada Iberismo.
9 (RLIN) 172986
651 #4 - PUNTO DE ACCESO ADICIONAL DE MATERIA--NOMBRE GEOGRÁFICO
Nombre geográfico España-
Subdivisión general Relaciones-
Subdivisión geográfica Portugal.
9 (RLIN) 8476
651 #4 - PUNTO DE ACCESO ADICIONAL DE MATERIA--NOMBRE GEOGRÁFICO
Nombre geográfico Portugal-
Subdivisión general Relaciones-
Subdivisión geográfica España.
9 (RLIN) 9269
700 1# - ENTRADA AGREGADA--NOMBRE PERSONAL
Nombre de persona Coelho, José María Latino (
Fechas asociadas al nombre 1825-1891)
9 (RLIN) 126522
852 4# - LOCALIZACIÓN
Ubicación ES-MaACL
Número de control de estantería Fol-Laf-294
Nota libre - Legado Modesto de la Fuente
856 4# - LOCALIZACIÓN Y ACCESO ELECTRÓNICOS
Identificador Uniforme de Recursos <a href="http://bdh-rd.bne.es/viewer.vm?id=0000247162&page=1 ">http://bdh-rd.bne.es/viewer.vm?id=0000247162&page=1 </a>
Nota pública Biblioteca Digital Hispánica
856 ## - LOCALIZACIÓN Y ACCESO ELECTRÓNICOS
Identificador Uniforme de Recursos <a href="https://archive.org/details/laiberiamemoria00unkngoog ">https://archive.org/details/laiberiamemoria00unkngoog </a>
Nota pública Internet Archive
Holdings
Estatus retirado Estado de pérdida Estado de daño No para préstamo Colección Biblioteca de origen Biblioteca actual Ubicación en estantería Fecha de adquisición Fuente de adquisición Total de préstamos Signatura topográfica completa Código de barras Visto por última vez Precio de reemplazo Tipo de ítem Koha
        Colección de folletos Biblioteca del Ateneo de Madrid Biblioteca del Ateneo de Madrid Depósito folletos 17/01/2008     Fol-Laf-294 1166529 23/02/2023 23/02/2023 Folleto